A Clinician's manual on mental health care : a multidisciplinary approach /

Bibliographic Details
Other Authors: Moffic, H. Steven, Adams, George L., 1942-
Format: Book
Language:English
Published: Menlo Park, Calif. : Addison-Wesley Pub. Co., Medical/Nursing Division, [1982]
Subjects:

MARC

Tag First Indicator Second Indicator Subfields
LEADER 00000cam a22000008a 4500
001 in00000070900
005 20151008061945.0
008 810518s1982 cau b 00100 eng
010 |a  81007962  
020 |a 0201059606 
020 |a 0201059614 (pbk.) 
035 |a (OCoLC)07555485 
035 |9 AAJ9218AM 
039 0 |a 2  |b 3  |c 3  |d 3  |e 3 
040 |a DLC  |c DLC  |d OCL  |d TXA  |d UtOrBLW 
049 |a TXAM  |c [1803390] 
050 0 0 |a RC480  |b .C564 
060 0 |a WM 400 C636 
082 0 |a 616.89  |2 19 
245 0 2 |a A Clinician's manual on mental health care :  |b a multidisciplinary approach /  |c edited by H. Steven Moffic and George L. Adams. 
263 |a 8109 
264 1 |a Menlo Park, Calif. :  |b Addison-Wesley Pub. Co., Medical/Nursing Division,  |c [1982] 
264 4 |c ©1982 
300 |a xiv, 306 pages ;  |c 24 cm. 
336 |a text  |b txt  |2 rdacontent 
337 |a unmediated  |b n  |2 rdamedia 
338 |a volume  |b nc  |2 rdacarrier 
504 |a Includes bibliographical references and index. 
650 0 |a Psychotherapy. 
650 0 |a Mental health care teams. 
650 2 |a Mental Disorders  |x therapy. 
700 1 |a Moffic, H. Steven. 
700 1 |a Adams, George L.,  |d 1942- 
999 |a MARS 
999 f f |s 4ff612ed-a8f2-39ff-abbc-bbf51367b68b  |i 0fcafebb-4c16-34e0-97eb-fdfa71a6d4c3  |t 0 
952 f f |p ric  |a Texas A&M University  |b Rellis Campus  |c Joint Library Facility  |d Remote Storage  |t 0  |e RC480 .C564  |h Library of Congress classification  |i unmediated -- volume  |m A14841526614 
998 f f |a RC480 .C564  |t 0  |l Remote Storage